Most Prominent US President per Decade Quiz Stats

 Plays Quiz Updated Jan 20, 2021

Support Sporcle.
Go Orange.
Score 0/24 Timer 06:00
2 Plays Today
Decade President's Last Name % Correct
2010s???
94.1%
2000s???
89.8%
1980s???
88.5%
1990s???
86.5%
1780s???
86.3%
1950s???
77.1%
1860s???
75.1%
1960s???
67.8%
1900s???
67.1%
1940s???
66.1%
1930s???
64%
1910s???
62.4%
Decade President's Last Name % Correct
1800s???
59.4%
1870s???
55.2%
1970s???
53.2%
1830s???
47.1%
1920s???
44.3%
1810s???
43.7%
1820s???
38.8%
1790s???
38.1%
1880s???
36.3%
1840s???
28.6%
1890s???
28.2%
1850s???
21.2%

From the Vault

90s Female Artist by Song Title

by mchlebbda

Music 5m
Time to update your playlists.
Remove Ads.
Support Sporcle.
Get the best of Sporcle when you Go Orange. This ad-free experience offers more features, more stats, and more fun while also helping to support Sporcle. Thank you for becoming a member.

Show Comments

Extras

Top Quizzes Today


Score Distribution

Your Account Isn't Verified!

In order to create a playlist on Sporcle, you need to verify the email address you used during registration. Go to your Sporcle Settings to finish the process.

Report this User

Report this user for behavior that violates our Community Guidelines.

Details: